Market dairying /

Bibliographic Details
Main Author: Michels, John, 1875-
Format: Book
Language:English
Published: Raleigh, N.C. : The author, 1909.
Subjects:

MARC

Tag First Indicator Second Indicator Subfields
LEADER 00000cam a2200000 4500
001 in00000731913
005 20151016070222.0
008 800618s1909 ncua 00010 eng
010 |a  09017004  
035 |a (OCoLC)06436184 
035 |9 ADE2533AM 
040 |a DLC  |c TXA  |d UtOrBLW 
049 |a TXAM  |c [905] 
050 0 |a SF239  |b .M65 
092 |a 637.1  |b M623m 
100 1 |a Michels, John,  |d 1875- 
245 1 0 |a Market dairying /  |c by John Michels ... 
264 1 |a Raleigh, N.C. :  |b The author,  |c 1909. 
300 |a 192 pages :  |b illustrations, diagrams ;  |c 20 cm. 
336 |a text  |b txt  |2 rdacontent 
337 |a unmediated  |b n  |2 rdamedia 
338 |a volume  |b nc  |2 rdacarrier 
650 0 |a Dairying. 
999 |a MARS 
999 f f |s 5acedf3b-9b26-3cb0-85a3-383de4fae80c  |i 6df867c2-72cd-3b10-8029-86269b5f134a  |t 0 
952 f f |p ric  |a Texas A&M University  |b Rellis Campus  |c Joint Library Facility  |d Remote Storage  |t 0  |e SF239 .M65  |h Library of Congress classification  |i unmediated -- volume  |m A14801095267 
998 f f |a SF239 .M65  |t 0  |l Remote Storage